[Event "SWE-ch 2019"]
[Site "Eskilstuna"]
[Date "2019.07.14"]
[Round "9.4"]
[White "Sagit, Rauan"]
[Black "Blomqvist, Erik"]
[Result "0-1"]
[WhiteElo "2429"]
[BlackElo "2492"]
[Annotator "ChessBase"]
[PlyCount "120"]
[EventDate "2019.07.06"]
[EventType "tourn"]
[EventCountry "SWE"]
[SourceTitle "playchess.com"]
[Source "ChessBase"]
[SourceQuality "1"]
[TimeControl "40/5400+30:1800+30"]

1. Nf3 {[%emt 0:00:00]} d5 {[%emt 0:00:00]} 2. g3 {[%emt 0:00:00]} Nd7 {[%emt 0:00:14]} 3. d4 {[%emt 0:00:59]} b5 {[%emt 0:00:26]} 4. Bg2 {[%emt 0:00:44]} e6 {[%emt 0:00:27]} 5. O-O {[%emt 0:00:23]} Bb7 {[%emt 0:01:02]} 6. c3 {[%emt 0:00:48]} Ngf6 {[%emt 0:01:18]} 7. a4 {[%emt 0:02:03]} b4 {[%emt 0:09:20]} 8. a5 {[%emt 0:02:37]} Rb8 {[%emt 0:07:36]} 9. a6 {[%emt 0:10:35]} Ba8 {[%emt 0:00:06]} 10. Bf4 {[%emt 0:02:30]} Be7 {[%emt 0:03:01]} 11. Qc2 {[%emt 0:03:23]} O-O {[%emt 0:06:35]} 12. Rc1 {[%emt 0:02:06]} Nh5 {[%emt 0:09:25]} 13. Bd2 {[%emt 0:03:10]} bxc3 {[%emt 0:13:32]} 14. Bxc3 {[%emt 0:03:23]} c5 {[%emt 0:00:17]} 15. Nbd2 {[%emt 0:01:52]} Nhf6 {[%emt 0:02:45]} 16. e3 {[%emt 0:01:00]} Bd6 {[%emt 0:08:41]} 17. dxc5 {[%emt 0:03:50]} Bxc5 {[%emt 0:00:07]} 18. Nb3 {[%emt 0:01:43]} Bb6 {[%emt 0:00:47]} 19. Ne5 {[%emt 0:09:10]} Qe7 {[%emt 0:03:18]} 20. Nd3 {[%emt 0:02:08]} Rfd8 {[%emt 0:02:40]} 21. Na5 {[%emt 0:05:41]} e5 {[%emt 0:05:20]} 22. Qa4 {[%emt 0:09:49]} Qe6 {[%emt 0:01:53]} 23. Be1 {[%emt 0:07:06]} Re8 {[%emt 0:02:33]} 24. Qd1 {[%emt 0:04:44]} h5 {[%emt 0:04:24]} 25. b4 {[%emt 0:02:42]} d4 {[%emt 0:00:40]} 26. Bxa8 {[%emt 0:05:54]} Rxa8 {[%emt 0:00:02]} 27. Nb7 {[%emt 0:05:00]} dxe3 {[%emt 0:02:44]} 28. Ndc5 {[%emt 0:00:18]} Qh3 {[%emt 0:01:04]} 29. fxe3 {[%emt 0:00:42]} e4 {[%emt 0:01:38]} 30. Bc3 {[%emt 0:02:09]} Ne5 {[%emt 0:03:53]} 31. Bxe5 {[%emt 0:01:40]} Rxe5 {[%emt 0:00:02]} 32. Qf1 {[%emt 0:01:31]} Qg4 {[%emt 0:01:00]} 33. Qf4 {[%emt 0:00:30]} Rd5 {[%emt 0:00:42]} 34. Qxg4 {[%emt 0:00:40]} Nxg4 {[%emt 0:00:50]} 35. Rc2 {[%emt 0:04:10]} f5 {[%emt 0:01:14]} 36. Re2 {[%emt 0:00:11]} Kf7 {[%emt 0:00:49]} 37. Rf1 {[%emt 0:00:27]} Ke7 {[%emt 0:00:53]} 38. h3 {[%emt 0:01:19]} Ne5 {[%emt 0:00:11]} 39. Kg2 {[%emt 0:00:37]} Nf3 {[%emt 0:01:33]} 40. Rc1 {[%emt 0:01:37]} Rc8 {[%emt 0:02:07]} 41. Kf2 {[%emt 0:08:16]} Rc6 {[%emt 0:11:13]} 42. Ra2 {[%emt 0:04:45]} Ne5 {[%emt 0:03:06]} 43. Kg2 {[%emt 0:04:02]} h4 {[%emt 0:07:01]} 44. gxh4 {[%emt 0:03:08]} Rg6+ {[%emt 0:01:22]} 45. Kf1 {[%emt 0:01:43]} Rg3 {[%emt 0:00:42]} 46. Rg2 {[%emt 0:00:23]} Rxh3 {[%emt 0:02:06]} 47. Ke2 {[%emt 0:03:51]} Ng4 {[%emt 0:07:31]} 48. Rc3 {[%emt 0:00:46]} f4 {[%emt 0:00:39]} 49. exf4 {[%emt 0:01:07]} Rxc3 {[%emt 0:00:04]} 50. Rxg4 {[%emt 0:00:10]} e3 {[%emt 0:01:38]} 51. Rxg7+ {[%emt 0:00:44]} Ke8 {[%emt 0:03:23]} 52. Rg5 {[%emt 0:00:36]} Rd2+ {[%emt 0:00:34]} 53. Kf3 {[%emt 0:00:08]} Bc7 {[%emt 0:01:17]} 54. Rg1 {[%emt 0:02:05]} e2+ {[%emt 0:00:29]} 55. Kf2 {[%emt 0:00:36]} Bxf4 {[%emt 0:00:08]} 56. Rg8+ {[%emt 0:02:27]} Kf7 {[%emt 0:00:09]} 57. Rf8+ {[%emt 0:00:29]} Kxf8 {[%emt 0:00:06]} 58. Ne6+ {[%emt 0:00:07]} Kf7 {[%emt 0:00:18]} 59. Nxf4 {[%emt 0:00:04]} Rf3+ {[%emt 0:00:21]} 60. Ke1 {[%emt 0:00:15]} Rf1+ {[%emt 0:00:08]} 0-1

[Event "SWE-ch 2019"]
[Site "Eskilstuna"]
[Date "2019.07.14"]
[Round "9.5"]
[White "Smith, Axel"]
[Black "Cramling, Pia"]
[Result "0-1"]
[WhiteElo "2469"]
[BlackElo "2479"]
[Annotator "ChessBase"]
[PlyCount "62"]
[EventDate "2019.07.06"]
[EventType "tourn"]
[EventCountry "SWE"]
[SourceTitle "playchess.com"]
[Source "ChessBase"]
[SourceQuality "1"]
[TimeControl "40/5400+30:1800+30"]

1. d4 {[%emt 0:00:00]} Nf6 {[%emt 0:02:33]} 2. c4 {[%emt 0:00:00]} e6 {[%emt 0:00:07]} 3. Nc3 {[%emt 0:00:00]} Bb4 {[%emt 0:00:06]} 4. f3 {[%emt 0:00:00]} c5 {[%emt 0:00:09]} 5. d5 {[%emt 0:00:00]} d6 {[%emt 0:00:21]} 6. e4 {[%emt 0:00:00]} O-O {[%emt 0:02:46]} 7. Nge2 {[%emt 0:00:00]} Re8 {[%emt 0:07:27]} 8. Ng3 {[%emt 0:00:47]} b5 {[%emt 0:10:10]} 9. Bf4 {[%emt 0:17:11]} Qb6 {[%emt 0:16:09]} 10. Bd2 {[%emt 0:30:24]} exd5 {[%emt 0:07:30]} 11. Nxd5 {[%emt 0:04:33]} Nxd5 {[%emt 0:00:11]} 12. cxd5 {[%emt 0:00:04]} Bxd2+ {[%emt 0:02:15]} 13. Qxd2 {[%emt 0:00:02]} Nd7 {[%emt 0:01:12]} 14. Be2 {[%emt 0:04:29]} c4 {[%emt 0:00:51]} 15. h4 {[%emt 0:07:44]} Ne5 {[%emt 0:15:52]} 16. h5 {[%emt 0:09:07]} h6 {[%emt 0:00:24]} 17. f4 {[%emt 0:03:36]} Nd7 {[%emt 0:00:32]} 18. Kf1 {[%emt 0:04:04]} Nc5 {[%emt 0:03:06]} 19. Qc2 {[%emt 0:03:43]} Bd7 {[%emt 0:00:34]} 20. Re1 {[%emt 0:02:10]} Rac8 {[%emt 0:00:50]} 21. Qb1 {[%emt 0:01:13]} b4 {[%emt 0:05:05]} 22. f5 {[%emt 0:07:11]} Bb5 {[%emt 0:03:18]} 23. Rh4 {[%emt 0:01:16]} Nd3 {[%emt 0:00:59]} 24. Nh1 {[%emt 0:00:05]} c3 {[%emt 0:02:54]} 25. bxc3 {[%emt 0:01:05]} Nxe1 {[%emt 0:00:34]} 26. Bxb5 {[%emt 0:03:42]} Qxb5+ {[%emt 0:00:17]} 27. Kxe1 {[%emt 0:00:04]} Rxc3 {[%emt 0:00:33]} 28. Rh3 {[%emt 0:00:41]} Qc4 {[%emt 0:02:23]} 29. Rxc3 {[%emt 0:00:19]} Rxe4+ {[%emt 0:00:54]} 30. Kf2 {[%emt 0:00:16]} bxc3 {[%emt 0:00:35]} 31. Ng3 {[%emt 0:01:11]} Qd4+ {[%emt 0:00:18]} 0-1